000 00547nam a2200169 i 4500
001 145871
003 ES-MaACL
005 20230906201335.0
007 t|
008 071017s1967 sp ||||1| spa d
100 1 _aVerheul, A.
_9114126
245 1 0 _aIntroducción a la liturgia
_b: para una teología del culto /
_cA. Verheul ; [traducción de Alejandro Esteban Lator Ros].
260 _aBarcelona :
_bHerder,
_c1967.
300 _a385 p. ;
_c20 cm.
700 1 _aLator Ros, Alejandro Esteban.
_970527
852 _aES-MaACL
_jC-34134
_bR.65256
999 _c145871
_d145871